|
|
|
|
| LEADER |
00000nam a2200000Ii 4500 |
| 001 |
DIGARCOL0303 |
| 003 |
NyNyDIG |
| 006 |
m o d |
| 007 |
cr ||||||||||| |
| 008 |
241001s2011 sp od 000 0 spa d |
| 035 |
|
|
|a (OCoLC)1058764442
|
| 040 |
|
|
|a DGITA
|b eng
|e rda
|e pn
|c DGITA
|
| 020 |
|
|
|z 9788476358177
|
| 050 |
1 |
4 |
|a PC4971 ebook
|
| 100 |
1 |
|
|a Fitch, Roxana,
|e author.
|
| 245 |
1 |
0 |
|a Diccionario de coloquialismos y términos dialectales del español /
|c by Roxana Fitch.
|
| 264 |
|
1 |
|a Madrid :
|b Arco/Libros, S. L.,
|c [2011]
|
| 300 |
|
|
|a 1 online resource.
|
| 336 |
|
|
|a text
|b txt
|2 rdacontent
|
| 337 |
|
|
|a computer
|b c
|2 rdamedia
|
| 338 |
|
|
|a online resource
|b cr
|2 rdacarrier
|
| 347 |
|
|
|a text file
|2 rdaft
|
| 347 |
|
|
|b PDF
|
| 588 |
0 |
|
|a Online resource; title from PDF title page (Digitalia, viewed October 1, 2024)
|
| 650 |
|
0 |
|a Spanish language
|x Slang
|v Dictionaries.
|
| 650 |
|
0 |
|a Spanish language
|x Dialects
|v Dictionaries.
|
| 650 |
|
0 |
|a Spanish language
|v Dictionaries.
|
| 650 |
|
0 |
|a Spanish language
|x Idioms
|v Dictionaries.
|
| 791 |
2 |
|
|a Digitalia (Firm),
|e distributor.
|
| 793 |
0 |
|
|g Digitalia eBook Collection:
|a Arco/Libros
|
| 776 |
0 |
8 |
|i Print version:
|a Fitch, Roxana.
|t Diccionario de coloquialismos y términos dialectales del español.
|d Madrid : Arco/Libros, S. L., [2011]
|z 9788476358177
|
| 856 |
4 |
0 |
|3 Digitalia Hispánica
|u https://www.digitaliapublishing.com/a/138324/
|
| 910 |
|
|
|a Premium collection: 2024
|